000 00721nam a2200229Ia 4500
003 GCL
008 140319s9999 xx 000 0 ara d
040 _aGCL /
_cGCL
082 0 4 _a370.153
_bج م
100 1 _aجابر عبدالحميد جابر
245 1 0 _aمدخل لدراسة السلوك الانسانى /
_cجابر عبدالحميد جابر
260 _a[S.N] :
_bدار النهضة العربية ،
_c1986
300 _a480 ص
490 _a
650 0 4 _aعلم النفس
650 0 4 _aعلم النفس التربوى
650 0 4 _aالسلوك
650 0 4 _aالسلوك الاجتماعى
650 0 4 _aالتكيف الاجتماعى
650 0 4 _aالمدرسون
942 _2ddc
_cBK
999 _c31629
_d31629